| 000 | 00566nam a2200157 a 4500 | ||
|---|---|---|---|
| 001 | 000037736 | ||
| 005 | 20201002031116.0 | ||
| 008 | 130304s1993 sp 000 0 spa d | ||
| 020 | _a8470396668 | ||
| 040 |
_aDO-SdBNP _bspa _cBNPHU |
||
| 245 | 0 | 0 |
_aGlosario de voces anotadas : _ben los 100 primeros volúmenes de clásicos castalia ; / _cCoordinado por Robert Jammes y Marie-Thérese Mir. |
| 260 |
_aMadrid : _bCastalia , _c1993. |
||
| 300 |
_a738 p. : ; _c18 cm. |
||
| 490 | 1 |
_aColección clásicos castalia _n200 |
|
| 830 | 0 |
_aColección clásicos castalia _v200 _964201 |
|
| 999 |
_c37226 _d37226 |
||